000 00911naa a22002657u 4500
001 05348
003 HDC
007 cr bn ---aaaaa
008 210120s2001 xx a b 001 0 eng
040 _aHDC
100 _aFroning, Glenn W,
_eauthor
_95581
245 0 _aMechanical separation of poultry meat and its use in products /
_cby Glenn W. Froning and Shelly R. McKee
260 _a[No Place] :
_b[publisher not identified],
_c2001
300 _a14 pages
336 _atext
_2rdacontent
337 _acomputer
_2rdamedia
338 _aonline resource
_2rdacarrier
500 _aOriginal from book
650 _aMeat industry
_92353
650 _aPoultry meat
_95531
856 _zRequest full-text at [email protected]
942 _2lcc
942 _cCHAP
942 _kEBCH 002727
999 _c2672
_d2672